Southville International School and Colleges
Your cart is empty.
  • Cart
  • Lists
    Public lists Eva Luna New books Lux_list list_1
    Your lists Log in to create your own lists
  • Log in to your account
  • Your cookies
  • Search history
Southville International School and Colleges
  • Advanced search
  • Recent comments
  • Most popular
  • Libraries

Log in to your account

Log in with GOOGLE


If you do not have an external account, but do have a local account, you can still log in:

  1. Home
  2. MARC view: The Philippine road rules & regulations handbook
Normal view MARC view ISBD view

The Philippine road rules & regulations handbook (Record no. 3501)

[ view plain ]
MARC details
000 -LEADER
fixed length control field 00584nam a22001937a 4500
003 - CONTROL NUMBER IDENTIFIER
control field OSt
005 - DATE AND TIME OF LATEST TRANSACTION
control field 20140310181757.0
008 - FIXED-LENGTH DATA ELEMENTS--GENERAL INFORMATION
fixed length control field 130701t xxu||||| |||| 00| 0 eng d
050 ## - LIBRARY OF CONGRESS CALL NUMBER
Classification number HE 365
Item number .L698 1995
082 ## - DEWEY DECIMAL CLASSIFICATION NUMBER
Classification number FIL 629.28
Item number Li62 1993
245 ## - TITLE STATEMENT
Title The Philippine road rules & regulations handbook
Statement of responsibility, etc Rene C. Lichauco
260 ## - PUBLICATION, DISTRIBUTION, ETC. (IMPRINT)
Place of publication, distribution, etc Quezon City, Philippines :
Name of publisher, distributor, etc The Green Ads Group,
Date of publication, distribution, etc c1995
300 ## - PHYSICAL DESCRIPTION
Extent 150 p. :
Other physical details ill. col. ;
Dimensions 23 cm.
520 ## - SUMMARY, ETC.
Summary, etc Automobile drivers--Education
521 ## - TARGET AUDIENCE NOTE
Target audience note
541 ## - IMMEDIATE SOURCE OF ACQUISITION NOTE
-- 1
562 ## - COPY AND VERSION IDENTIFICATION NOTE
Number of copies 1
942 ## - ADDED ENTRY ELEMENTS (KOHA)
Source of classification or shelving scheme Library of Congress Classification
Koha item type
Call number prefix Filipininana
Holdings
Withdrawn status Lost status Source of classification or shelving scheme Damaged status Home library Current library Shelving location Date acquired Total Checkouts Full call number Barcode Date last seen Date checked out Copy number Price effective from Koha item type
    Library of Congress Classification   Luxembourg Library Luxembourg Library Filipiniana Section 07/01/2013 1 HE 365 .L698 1995 2409 08/10/2018 08/02/2018 1 07/01/2013 Books

The Philippine road rules & regulations handbook

APA

(1995). The Philippine road rules & regulations handbook. Quezon City, Philippines: The Green Ads Group.

Chicago

1995. The Philippine road rules & regulations handbook. Quezon City, Philippines: The Green Ads Group.

Harvard

(1995). The Philippine road rules & regulations handbook. Quezon City, Philippines: The Green Ads Group.

MLA

The Philippine road rules & regulations handbook. Quezon City, Philippines: The Green Ads Group. 1995.

  • Place hold
  • Print
  • Cite
  • Add to your cart (remove)
  • Save record
    BIBTEX Dublin Core MARCXML MARC (non-Unicode/MARC-8) MARC (Unicode/UTF-8) MARC (Unicode/UTF-8, Standard) MODS (XML) RIS
  • More searches
    Search for this title in:
    Other Libraries (WorldCat) Other Databases (Google Scholar) Online Stores (Bookfinder.com) Open Library (openlibrary.org)

Exporting to Dublin Core...

SOUTHVILLE LIBRARY

Southville International School and Colleges Library

1281 Tropical Ave. Cor. Luxembourg St., BF Homes International, Las Pinas City

Tel. No. 8256374 / 252358 Loc. 117/146

Powered by Koha